000 01092cam a22002658i 4500
999 _c57482
_d57482
001 19357744
005 20221105210211.0
008 161028s2018 nyu b 001 0 eng
020 _a9781626234192 1
041 _aeng
080 _a616.2 O-90
245 0 0 _aOtolaryngology cases :
_bthe University of Cincinnati clinical portfolio /
_c[edited by] Myles L. Pensak, Catherine K. Hart, Yash J. Patil.
250 _aSecond edition.
264 1 _aNew York :
_bThieme,
_c[2018].
300 _a420 p. ;
_c25 cm.,
_bill.
504 _aIncludes bibliographical references and index.
653 _aმედიცინა
653 _aყელ ყურ ცხვირი
653 _aოტოლარინგოლოგია
700 1 _aPensak, Myles L.,
_eრედაქტორი
_98800
700 1 _aHart, Catherine K.,
_eრედაქტორი
_98801
700 1 _aPatil, Yash J.,
_eრედაქტორი
_98802
776 0 8 _iOnline version:
_tOtolaryngology cases
_bSecond edition.
_dNew York : Thieme, [2018]
_z9781626234208
_w(DLC) 2016050231
942 _2udc
_cBK